Du Moyen Âge au Renouveau national, l’incroyable malléabilité de la figure d’Alexandre en Bohême

Titel: Du Moyen Âge au Renouveau national, l’incroyable malléabilité de la figure d’Alexandre en Bohême / Éloïse Adde-Vomačka
Verfasser:
In: ˜Laœ fascination pour Alexandre le Grand dans les littératures européennes (Xe - XVIe siècle) ; 2, (2014), Seite 1149-1165
alle Artikel anzeigen
Veröffentlicht: 2014
Format: Aufsatz
Sprache: Französisch
Schlagworte:
Kein Bild verfügbar
X
alg: 47138521
001A    $03025:03-11-20 
001B    $01999:03-11-20 $t22:40:33.000 
001D    $03025:03-11-20 
001U    $0utf8 
001X    $00 
002@    $0Aou 
002C    $aText $btxt $2rdacontent 
002D    $aohne Hilfsmittel zu benutzen $bn $2rdamedia 
002E    $aBand $bnc $2rdacarrier 
003@    $0471385212 
007A    $0471385212 $aHEB 
010@    $afre 
010E    $erda 
011@    $a2014 
021A    $aDu @Moyen Âge au Renouveau national, l’incroyable malléabilité de la figure d’Alexandre en Bohême $hÉloïse Adde-Vomačka 
028A    $#Vomáčka, Éloïse Adde- $#Adde, Éloïse $71067525238 $8Adde-Vomáčka, Éloïse [Tp3] $9355719991 
031A    $h1149-1165 $j2014 
039B    $aEnthalten in $8--Afu--. La @fascination pour Alexandre le Grand dans les littératures européennes (Xe - XVIe siècle) ; 2, 2014. - S. 684 - 1268. - ISBN 2-503-55338-9 $x201400000000000851 $9356007006 
044K    $RPhilipp $ROlympias $RRoxane $#Alexandre  III $#Alexander  $#Alexander $#Alexander  III. $#Alexander  $#Alexander  $#Alexander  III. $#Alexandros  $#Alexandros  III $#Pseudo-Alexander  $#Alexander  $#Alexandre  $#Alexander  $#Alexander  $#Alexander  III. $#Alexander  III. $#Alexander  III. $#Alessandro  $#Alexandros  $#Megalexandros $#Alexander  III $#Alejandro Magno $#Aleksander Moqdōn $#Aleksander Wielk $#Aleksandr Makedonskij $#Alessandro Magno $#Alexander Magnus  $#Alexander Magnus  $#Alexander  $#Alexander  $#Alexandros $#Alexandros  $#Alexandros  III. $#Alexandros  $#Alexandrus  $#Alexandr Veliký $#Ἀλέξανδρος ὁ Μέγας $7118501828 $8$PAlexander$nIII.$lMakedonien, König$Zv356-v323 [Tp1] $9086842986 
044K    $RTschechien $#Böhmische Kronländer $#Länder der Böhmischen Krone $#Sudetenland $#Böhmen $#Mähren $#Mährisch-Schlesien $#Österreichisch-Schlesien $#Tschechische Sozialistische Republik Böhmische Länder $#Tschechei Böhmische Länder $#Země koruny české $74069573-6 $8Böhmische Länder [Tg1] $9085195553 
045R    $aGeschichte 1250-1620 

lok: 47138521 78

exp: 47138521 78 1 #EPN
201B/01 $003-11-20 $t15:45:11.000 
201C/01 $003-11-20 
201U/01 $0utf8 
203@/01 $01127367013 
208@/01 $a03-11-20 $be 
209A/01 $a/ $f000 $x00 
209A/01 $ab*p $x01 
220C/01 $apgar 
244Z/01 $#Böhmische Kronländer $#Länder der Böhmischen Krone $#Sudetenland $#Böhmen $#Mähren $#Mährisch-Schlesien $#Österreichisch-Schlesien $#Tschechische Sozialistische Republik Böhmische Länder $#Tschechei Böhmische Länder $#Země koruny české $74069573-6 $8--Tg1--Böhmische Länder $x01 $9085195553 
247C/01 $82080>Marburg/Lahn, Herder-Institut, Forschungsbibliothek, Bibliographieportal $9336309341
LEADER 00000caa a2200000 c 4500
001 471385212
003 DE-603
005 20201103224033.0
007 tu
008 201103s2014 xx |||| | u00||u|fre c
035 |a (DE-599)HEB471385212 
040 |a DE-603  |b ger  |c DE-603  |d DE-603  |e rda 
041 |a fre 
100 1 |a Adde-Vomáčka, Éloïse  |0 (DE-603)355719991  |0 (DE-588)1067525238  |2 gnd 
245 0 0 |a ˜Duœ Moyen Âge au Renouveau national, l’incroyable malléabilité de la figure d’Alexandre en Bohême  |c Éloïse Adde-Vomačka 
264 0 |c 2014 
336 |a Text  |b txt  |2 rdacontent 
337 |a ohne Hilfsmittel zu benutzen  |b n  |2 rdamedia 
338 |a Band  |b nc  |2 rdacarrier 
600 0 7 |a Alexander  |b III.  |c Makedonien, König  |d v356-v323  |0 (DE-588)118501828  |0 (DE-603)086842986  |2 gnd 
648 7 |a Geschichte 1250-1620  |2 gnd 
651 7 |a Böhmische Länder  |0 (DE-588)4069573-6  |0 (DE-603)085195553  |2 gnd 
773 0 8 |i Enthalten in  |t ˜Laœ fascination pour Alexandre le Grand dans les littératures européennes (Xe - XVIe siècle) ; 2  |h S. 684 - 1268  |z 2503553389  |z 9782503553382  |g (2014), Seite 1149-1165  |w (DE-603)356007006 
924 0 |9 2080  |a (DE-603)1127367013  |b DE-2080  |c HES  |d d  |g /